书目信息 |
| 题名: |
溶剂手册
|
|
| 作者: | 程能林 编著 | |
| 分册: | ||
| 出版信息: | 北京 化学工业出版社 2002 |
|
| 页数: | ||
| 开本: | 29cm | |
| 丛书名: | ||
| 单 册: | ||
| 中图分类: | TQ413-62 | |
| 科图分类: | ||
| 主题词: | 溶剂 , 溶剂--生产 | |
| 电子资源: | ||
| ISBN: | 7-5025-4002-4 | |
| 000 | 00557nam0 2200205 450 | |
| 001 | 0754114953 | |
| 005 | 20070929150154.95 | |
| 010 | @a7-5025-4002-4@b精装 | |
| 100 | @a20070929d km y0chiy0120 ea | |
| 101 | 0 | @achi |
| 200 | 1 | @a溶剂手册@Arong ji shou ce@f程能林 编著@Fcheng neng lin bian zhu |
| 205 | @a3版 | |
| 210 | @a北京@c化学工业出版社@d2002 | |
| 215 | @c插图@d29cm | |
| 606 | 0 | @a溶剂 |
| 606 | 0 | @a溶剂@x生产 |
| 690 | @aTQ413-62@v3 | |
| 701 | 0 | @a程能林@Acheng neng lin@4编著 |
| 801 | 0 | @aCN@bPFT@c20070929 |
| 905 | @a213230@dTQ413-62@eh203=3@f1 | |
| 溶剂手册/程能林 编著.-3版.-北京:化学工业出版社,2002 |
| 插图;29cm |
| ISBN 7-5025-4002-4(精装): |
| ● |
| 相关链接 |
|
|
|
|
正题名:溶剂手册
索取号:TQ413-62/h203=3
 
预约/预借
| 序号 | 登录号 | 条形码 | 馆藏地/架位号 | 状态 | 备注 |
| 1 | 6002319 | 260023192 | 密集书库-化学系/ [索取号:TQ413-62/h203=3] | 在馆 |